000 00646nam a2200169Ia 4500
008 150610s9999 xx 000 0 und d
020 _a9780696237027
050 _aGB5019
_b.S48 2007
100 _aShulman, Mark
245 _aSuper storms that rocked the world :
_bhurricanes, tsunamis, and other disasters /
_cwritten by Mark Shulman.
260 _aDes Moines, IA :
_bMeredith Books,
_c2007.
300 _a40pages :
_bcol. illustrations ;
_c28 cm.
650 _a Disasters -- Juvenile literature.
650 _aEarthquakes -- Juvenile literature.
650 _aHurricanes -- Juvenile literature.
650 _aTsunamis -- Juvenile literature.
999 _c288245
_d288245